Quizzes
Events
Quiz Creation
Community
Videos
Private Events
Remove Ads
Sign In
Join for FREE
Feedback
Dark Mode
Quiz Categories
Sports
Geography
Music
Movies
Television
Just For Fun
Miscellaneous
History
Literature
Language
Science
Gaming
Entertainment
Religion
Holiday
For Kids
Quiz Lab
Recent
Popular Today
Quiz Kudos Today
Editor Picks
Curator Picks
Quizzes by...
Day
Popularity
Type
Ratings
Length
Year
Community
Subscriptions
Recent Discussions
Orange Saloon
Badges
Playlists
Quests
Create
Leaderboards
Showdown
Live 5
Trivia Bingo
Activity
Puzzle Library
Sporcle Events
Private Events
Virtual Trivia
Globe League
Become a Host
Pub Owners
SporcleCon
Opinionation
Our Games
Videos
Blog
Mobile Apps
Partnerships
Remove Ads and Go Orange
Feedback
Gaming
Video Games
Board Games
Card Games
Pokémon
Mario
Nintendo
Minecraft
Console
Toys
Legend of Zelda
Gaming
Video Games
Board Games
Card Games
Pokémon
Mario
Nintendo
Minecraft
Console
Toys
Legend of Zelda
Random Quiz
Search Sporcle
×
Quiz Lab
Quiz Lab
Gaming
Pokémon
Type in answers that appear in a list
Type in answers that appear in a list
Classic
Best Score? Go Orange.
Pokémon Grab Bag (II) Stats
Can you guess the Pokémon trivia in the following categories? (Up to date as of Sun/Moon)
By
CherensLegs
20m
117 Questions
233 Plays
233 Plays
233 Plays
Comments
Comments
Give Quiz Kudos
Give Quiz Kudos
-
- Ratings
hide this ad
Replay
Link that replays current quiz
Next Quiz
Link to next quiz in quiz playlist
You Got
0%
They Got
Avg Score
45%
Avg Friend Score
Upgrade to see
Score Distribution
Jump to the score distribution portion of the page
Score
0/117
Timer
20:00
0
Plays Today
Hint
Answer
% Correct
Types that have never been paired with Poison
Steel
93.1%
Types that have never been paired with Poison
Fairy
86.7%
Types that have never been paired with Poison
Ice
86.7%
Types that have never been paired with Poison
Psychic
85.8%
Types that have never been paired with Poison
Normal
83.7%
Types that have never been paired with Poison
Electric
82.8%
+1 Priority moves with 40 base power
Quick Attack
82%
Types of Incense
Rock Incense
81.1%
Pokémon that change type when they Mega Evolve
Charizard (Mega Charizard X)
80.7%
Baby Pokémon introduced in Gen IV
Bonsly
72.1%
Baby Pokémon introduced in Gen IV
Mime Jr.
71.7%
Pokémon with highest base Defense stat (excl. Megas)
Cloyster / Aggron (180)
71.2%
Pokémon that change type when they Mega Evolve
Mewtwo (Mega Mewtwo X)
70.8%
Legendary Pokémon with a known gender
Latias
70.8%
Legendary Pokémon with a known gender
Latios
70.8%
Pokémon that change type when they Mega Evolve
Aggron
69.5%
Baby Pokémon introduced in Gen IV
Happiny
69.5%
Pokémon that change type when they Mega Evolve
Altaria
68.7%
Pokémon with Poison Point
Nidoran♀ / Nidorina / Nidoqueen
68.7%
Pokémon with Poison Point
Nidoran♂ / Nidorino / Nidoking
68.7%
Baby Pokémon introduced in Gen IV
Munchlax
68.2%
Towns/
cities beginning with 'V'
Viridian City
66.1%
Pokémon with Poison Point
Budew / Roselia / Roserade
65.7%
Pokémon that change type when they Mega Evolve
Ampharos
65.2%
Types of Incense
Sea Incense
65.2%
Pokémon with highest base Defense stat (excl. Megas)
Steelix / Regirock (200)
64.8%
Pokémon that change type when they Mega Evolve
Sceptile
64.4%
Pokémon beginning with 'J'
Jumpluff
61.8%
Towns/
cities beginning with 'V'
Vermilion City
61.8%
Baby Pokémon introduced in Gen IV
Budew
61.4%
Pokémon that change type when they Mega Evolve
Gyarados
60.9%
Pokémon beginning with 'J'
Jigglypuff
60.9%
Baby Pokémon introduced in Gen IV
Riolu
60.9%
Legendary Pokémon with a known gender
Cresselia
58.4%
Pokémon with highest base Defense stat (excl. Megas)
Shuckle (230)
58.4%
Baby Pokémon introduced in Gen IV
Mantyke
58.4%
Types of Incense
Wave Incense
58.4%
Pokémon beginning with 'J'
Jirachi
57.9%
Legendary Pokémon with a known gender
Heatran
57.5%
Hint
Answer
% Correct
Pokémon beginning with 'J'
Jynx
57.5%
Pokémon that change type when they Mega Evolve
Audino
56.7%
Baby Pokémon introduced in Gen IV
Chingling
56.7%
+1 Priority moves with 40 base power
Aqua Jet
56.2%
+1 Priority moves with 40 base power
Mach Punch
55.4%
Types of Incense
Lax Incense
54.9%
Types of Incense
Rose Incense
54.9%
Towns/
cities where the Name Rater is found
Lavender Town
54.1%
Gifts received from Steven Stone (OR/
AS -
excl. Demo)
Beldum
54.1%
Pokémon beginning with 'J'
Jolteon
52.4%
Wings found on Unova bridges
Pretty Wing
51.1%
Towns/
cities where the Name Rater is found
Goldenrod City
50.6%
Kalos Cities with Clothing Boutiques
Lumiose City
48.5%
+1 Priority moves with 40 base power
Bullet Punch
48.1%
Pokémon that change type when they Mega Evolve
Lopunny
46.8%
Legendary Pokémon with a known gender
Landorus
46.8%
Legendary Pokémon with a known gender
Tornadus
46.8%
Pokémon that change type when they Mega Evolve
Pinsir
46.4%
Legendary Pokémon with a known gender
Thundurus
45.9%
Pokémon beginning with 'J'
Joltik
44.2%
Types of Incense
Full Incense
43.3%
Pokémon beginning with 'J'
Jangmo-o
43.3%
+1 Priority moves with 40 base power
Vacuum Wave
42.5%
Towns/
cities beginning with 'V'
Vaniville Town
42.1%
+1 Priority moves with 40 base power
Shadow Sneak
41.6%
Towns/
cities where the Name Rater is found
Slateport City
41.6%
Types of Incense
Luck Incense
41.2%
Types of Incense
Odd Incense
40.8%
Towns/
cities beginning with 'V'
Veilstone City
39.9%
Towns/
cities beginning with 'V'
Verdanturf Town
38.6%
Towns/
cities where the Name Rater is found
Castelia City
38.2%
Wings found on Unova bridges
Clever Wing
38.2%
Towns/
cities where the Name Rater is found
Eterna City
37.8%
Towns/
cities beginning with 'V'
Violet City
36.9%
Pokémon with Poison Point
Qwilfish
35.6%
Named Team Flare Admins/
Scientists
Xerosic
35.6%
+1 Priority moves with 40 base power
Ice Shard
35.2%
Pokémon beginning with 'J'
Jellicent
34.3%
Pokémon with Poison Point
Venipede / Whirlipede / Scolipede
33.9%
Hint
Answer
% Correct
+1 Priority moves with 40 base power
Accelerock
32.6%
Kalos Cities with Clothing Boutiques
Laverre City
32.2%
Pokémon with highest base Defense stat (excl. Megas)
Bastiodon (168)
31.8%
Kalos Cities with Clothing Boutiques
Snowbelle City
28.8%
Wings found on Unova bridges
Swift Wing
28.3%
Kalos Cities with Clothing Boutiques
Santalune City
28.3%
Pokémon with Poison Point
Skrelp / Dragalge
27.9%
Kalos Cities with Clothing Boutiques
Cyllage City
27.9%
Kalos Cities with Clothing Boutiques
Anistar City
27.9%
Wings found on Unova bridges
Health Wing
27%
Gifts received from Steven Stone (OR/
AS -
excl. Demo)
TM51 Steel Wing
26.6%
Wings found on Unova bridges
Muscle Wing
26.6%
Towns/
cities beginning with 'V'
Virbank City
26.6%
Gifts received from Steven Stone (OR/
AS -
excl. Demo)
Metagrossite
25.8%
Types of Incense
Pure Incense
25.8%
Pokémon with Poison Point
Seadra
24.5%
Gifts received from Steven Stone (OR/
AS -
excl. Demo)
Sceptilite / Blazikenite / Swampertite
23.6%
Towns/
cities where the Name Rater is found
Heahea City
22.5%
Towns/
cities where the Name Rater is found
Camphrier Town
21%
Wings found on Unova bridges
Genius Wing
21%
Named Team Flare Admins/
Scientists
Mable
21%
Gifts received from Steven Stone (OR/
AS -
excl. Demo)
Devon Scope
19.7%
Pokémon with highest base Defense stat (excl. Megas)
Avalugg (184)
19.3%
Gifts received from Steven Stone (OR/
AS -
excl. Demo)
HM07 Dive
18.9%
Named Team Flare Admins/
Scientists
Celosia
18.9%
Named Team Flare Admins/
Scientists
Bryony
18.5%
Gifts received from Steven Stone (OR/
AS -
excl. Demo)
Mega Bracelet
17.6%
Types of shop in Join Avenue
Café
17.2%
Wings found on Unova bridges
Resist Wing
17.2%
Types of shop in Join Avenue
Flower Shop
16.7%
Gifts received from Steven Stone (OR/
AS -
excl. Demo)
Eon Flute
15.9%
Named Team Flare Admins/
Scientists
Aliana
14.6%
Types of shop in Join Avenue
Antique Shop
14.2%
Types of shop in Join Avenue
Dojo
12.4%
Types of shop in Join Avenue
Nursery
12%
Types of shop in Join Avenue
Beauty Salon
11.6%
Types of shop in Join Avenue
Raffle Shop
11.6%
Types of shop in Join Avenue
Market
11.2%
Gifts received from Steven Stone (OR/
AS -
excl. Demo)
Devon Scuba Gear
10.3%
Quiz Playlist
Details
Report
Send in Message
Add To Playlist
Classic:
Type in answers that appear in a list
Last Updated: Nov 11, 2017
Quiz Scoreboard
CHALLENGE
Sign Up to Join the Scoreboard
Show All
Scores
Hide
Comments
May contain spoilers
Recently Published
Presidents Visiting Landmarks
by Hejman
History
7m
An Introduction to Baseball
by treessimontrees
Sports
5m
Movies - When Are They Set?
by FPL_Elf
Movies
5m
More to Explore
Quiz From the Vault
Featured Blog Post
Where Did the Easter Bunny Come From?
hide this ad
You Might Also Like...
Tags
Grab Bag Quiz
Nintendo Quiz
Pokémon Quiz
Video Games Quiz
Category
Generation
Trivia
Today's Top Quizzes in Gaming
Browse Gaming
hide this ad
Today's Top Quizzes in Pokémon
Browse Pokémon
Top Contributed Quizzes in Gaming
1
5-to-1: Consoles
2
7-to-1: Board Game Piece Blitz
3
5-to-1: Legend of Zelda
4
Destiny 2 exotic weapons by perk icons
5
Ultimate Genshin Impact Logic Puzzle (up to 4.3)
6
Franchise by Action Figure
7
Overwatch Logic Puzzle
8
Who's on the WWE 2K24 Cover?
9
Genshin Impact Logic Puzzle Quiz
10
Windmill: Pokémon
Explore More
Trending Topics
Marvel
Anime
Disney
Kpop
Crossword
NBA
Harry Potter
Puzzle
Country
Song
Pokémon
NFL
The Office
WWE
Soccer
hide this ad
More By:
CherensLegs
Quiz
Plays
Rating
Category
Featured
Created
Pokémon Grab Bag (III)
363
5.00
Gaming
Nov 11, 2017
Pokémon Grab Bag (III)
363
5.00
Gaming
Nov 11, 2017
Pokémon Sun & Moon Character Trivia
347
Gaming
Dec 19, 2016
Obscure Pokémon Game Trivia II
303
5.00
Gaming
Dec 20, 2016
Obscure Pokémon Game Trivia
249
5.00
Gaming
Apr 1, 2016
Gym Leader Trivia Quiz
242
5.00
Gaming
Apr 18, 2016
Go to Creator's Profile
Score Distribution
Quiz Creator Spotlight
CherensLegs
Follow
Send a Message
Quizzes Created
-
Created Quiz Play Count
-
More By This Creator
Popular Quizzes Today
1
Find the US States - No Outlines Minefield
2
Find the Countries of Europe - No Outlines Minefield
3
The Countries of the World
4
Find the US States
5
Popular People in 1961
6
US States
7
Risky Map Clicking: Biggest States A-Z
8
1-10 Letter E Words III
More Gaming Quizzes
Normal Pokémon Acrostic
Curator's Pick
Trending Quizzes
Risky Map Clicking: Least Populous States A-Z
1-10 Letter G Words
1-10 Letter F Words
Risky Map Clicking: Next State Alphabetically
Risky Map Clicking: Biggest States A-Z
Recently Updated
Leaping Animals
pecheneg
Reality TV Shows (A-Z)
bhenderson79
Rickey Henderson's Hall of Fame Teammates
pecheneg
Champions League XIs: Arsenal
pecheneg
Quick Pick: Celebrities in WWE's Hall of Fame
aduchscher
A-Z Keypad Blitz II
pecheneg
Multiple Oscar Actors
pecheneg
Mystery Phrase Blitz: Oscar 'Best Actors'
pecheneg
F. Scott Fitzgerald Novels
LTH
Pick 3 Villains
ddd62291
Trending Topics
Harry Potter
Kpop
NBA
Crossword
Disney
Anime
Marvel
Country
WWE
Song
The Office
Pokémon
Puzzle
Soccer
NFL
Your Account Isn't Verified!
In order to create a playlist on Sporcle, you need to verify the email address you used during registration. Go to your
Sporcle Settings
to finish the process.
Report this User
Report this user for behavior that violates our
Community Guidelines
.
Details:
Send Report
Go to the Sporcle.com Mobile Site →
Comments